[Event "Pfalz-ch HT2 87th"]
[Site "Landau"]
[Date "2018.03.25"]
[Round "3"]
[White "Meissner, Erhard"]
[Black "Kodalle, Dominik"]
[Result "0-1"]
[WhiteElo "1123"]
[BlackElo "1580"]
[PlyCount "54"]
[EventDate "2018.03.23"]
[EventType "swiss"]
[EventRounds "7"]
[EventCountry "GER"]
[SourceTitle "EXT 2019"]
[Source "ChessBase"]
[SourceDate "2018.10.10"]
[SourceVersion "1"]
[SourceVersionDate "2018.10.10"]
[SourceQuality "1"]

1. d4 Nf6 2. Bf4 g6 3. c3 Bg7 4. Nf3 0-0 5. Nbd2 d6 6. e4 Nc6 7. Bd3 Nd7 8. Be3 e5 9. d5 Ne7 10. Bc4 f5 11. g3 Nf6 12. Ng5 h6 13. Nh3 fxe4 14. Qe2 Bxh3 15. Rg1 Kh7 16. 0-0-0 Bg4 17. f3 exf3 18. Qf2 Nfxd5 19. Bxd5 Nxd5 20. Ne4 Nxe3 21. Rde1 Ng2 22. Rd1 h5 23. Rh1 Bh6+ 24. Kb1 Ne3 25. Rde1 Nc4 26. h3 Bf5 27. g4 Bxe4+ 0-1

[Event "Heusenstamm Sparkassen op-B 4th"]
[Site "Heusenstamm"]
[Date "2017.11.26"]
[Round "7"]
[White "Kodalle, Dominik"]
[Black "Schwarz, Matthias"]
[Result "0-1"]
[WhiteElo "1589"]
[BlackElo "1767"]
[PlyCount "102"]
[EventDate "2017.11.23"]
[EventType "swiss"]
[EventRounds "7"]
[EventCountry "GER"]
[SourceTitle "EXT 2019"]
[Source "ChessBase"]
[SourceDate "2018.10.10"]
[SourceVersion "1"]
[SourceVersionDate "2018.10.10"]
[SourceQuality "1"]

1. c4 Nf6 2. Nc3 c5 3. g3 e6 4. Bg2 d5 5. cxd5 exd5 6. d3 Be7 7. Nf3 Nc6 8. Bf4 0-0 9. 0-0 a6 10. a4 Bg4 11. h3 Be6 12. g4 Qd7 13. Rc1 Bd6 14. Bh2 Bxh2+ 15. Nxh2 Rad8 16. f4 Qc7 17. Qc2 Nd4 18. Qd1 Rfe8 19. f5 Bc8 20. Nf3 Nxf3+ 21. Rxf3 a5 22. Nb5 Qb6 23. Kh1 Bd7 24. Rf2 Bxb5 25. axb5 Qxb5 26. Qc2 h6 27. g5 Nh5 28. Qd2 Qd7 29. Kh2 Qd6+ 30. Kg1 Re5 31. Bf3 Rxf5 32. Bxh5 Rxf2 33. Kxf2 Qh2+ 34. Kf1 Qxh3+ 35. Kf2 Qxh5 36. Rf1 Qh4+ 37. Kg2 Re8 38. Rh1 Qg4+ 39. Kf2 Re5 40. Ke1 Qxg5 41. Qc3 d4 42. Qc2 h5 43. Rf1 h4 44. Kd1 h3 45. Qb3 Qe3 46. Qxf7+ Kh7 47. Rf2 Rg5 48. Rf1 h2 49. b3 Qg1 50. Rxg1 hxg1Q+ 51. Kd2 Qe3+ 0-1

[Event "Pfalz-ch HT1 86th"]
[Site "Wolfstein"]
[Date "2017.04.14"]
[Round "5"]
[White "Kodalle, Dominik"]
[Black "Gass, Udo"]
[Result "1/2-1/2"]
[WhiteElo "1309"]
[BlackElo "1523"]
[PlyCount "42"]
[EventDate "2017.04.07"]
[EventType "swiss"]
[EventRounds "7"]
[EventCountry "GER"]
[SourceTitle "EXT 2018"]
[Source "ChessBase"]
[SourceDate "2017.10.13"]
[SourceVersion "1"]
[SourceVersionDate "2017.10.13"]
[SourceQuality "1"]

1. c4 Nf6 2. Nc3 g6 3. Nf3 Bg7 4. g3 0-0 5. Bg2 d6 6. 0-0 c5 7. d3 Nc6 8. a3 a6 9. Rb1 Rb8 10. b4 cxb4 11. axb4 b5 12. cxb5 axb5 13. Nd2 Bd7 14. Nde4 Nxe4 15. Nxe4 Ne5 16. Bb2 Qb6 17. Qd2 f5 18. Nc3 e6 19. Nd1 Bc6 20. Qe3 Qxe3 21. Nxe3 Bxg2 1/2-1/2

[Event "GER-ch U10"]
[Site "Willingen"]
[Date "2016.05.19"]
[Round "8.19"]
[White "Kodalle, Dominik"]
[Black "Rapp, Leonard"]
[Result "1-0"]
[WhiteElo "1399"]
[BlackElo "1039"]
[PlyCount "83"]
[EventDate "2016.05.15"]
[EventType "swiss"]
[EventRounds "11"]
[EventCountry "GER"]
[SourceTitle "CBM 172 Extra"]
[Source "ChessBase"]
[SourceDate "2016.06.21"]
[SourceVersion "1"]
[SourceVersionDate "2016.06.21"]
[SourceQuality "1"]

1. e4 e5 2. Nf3 Nc6 3. Bb5 Bc5 4. Nxe5 Nxe5 5. d4 Bxd4 6. Qxd4 Qe7 7. Bf4 f6 8. Nc3 Nc6 9. Bxc6 dxc6 10. 0-0 Be6 11. Rad1 Qd7 12. Qxd7+ Bxd7 13. Bxc7 Ne7 14. e5 fxe5 15. Bxe5 Rg8 16. Rfe1 0-0-0 17. Ne4 b6 18. Nd6+ Kc7 19. Nf7+ Kc8 20. Nxd8 Kxd8 21. Rd2 Nd5 22. Red1 g6 23. c4 Re8 24. cxd5 Rxe5 25. dxc6 h6 26. Rxd7+ Kc8 27. Rxa7 Rc5 28. c7 Rxc7 29. Rxc7+ Kxc7 30. Rd3 Kc6 31. Rh3 h5 32. Rg3 Kb5 33. Rxg6 Kc5 34. Rg3 Kc6 35. Rd3 Kb7 36. f4 Kc6 37. f5 Kc5 38. f6 Kc6 39. f7 Kc5 40. f8Q+ Kb5 41. Rd5+ Ka6 42. Qa8# 1-0

[Event "Heusenstamm Sparkassen op U14 2nd"]
[Site "Heusenstamm"]
[Date "2015.11.27"]
[Round "2"]
[White "Kodalle, Dominik"]
[Black "Van Foreest, Tristan"]
[Result "1-0"]
[WhiteElo "1246"]
[BlackElo "1143"]
[PlyCount "81"]
[EventDate "2015.11.27"]
[EventType "swiss"]
[EventRounds "5"]
[EventCountry "GER"]
[SourceTitle "EXT 2018"]
[Source "ChessBase"]
[SourceDate "2017.10.13"]
[SourceVersion "1"]
[SourceVersionDate "2017.10.13"]
[SourceQuality "1"]

1. e4 e5 2. Nf3 Nc6 3. Bb5 a6 4. Ba4 Nf6 5. 0-0 d6 6. Re1 Bg4 7. h3 Bh5 8. c3 b5 9. Bc2 Be7 10. d3 h6 11. Nbd2 d5 12. Qe2 b4 13. Ba4 Qd7 14. Qe3 0-0 15. Nxe5 Qe6 16. Nxc6 Bd6 17. Nd4 Qe5 18. N2f3 Qe7 19. e5 Bxf3 20. Nxf3 d4 21. cxd4 Nd5 22. Qe4 Nb6 23. Bc6 Rad8 24. exd6 Qxd6 25. Bf4 Qf6 26. Rac1 Nc8 27. Bxc7 Nd6 28. Bxd8 Qxd8 29. Qe7 Qb8 30. Ne5 Nf5 31. Qc5 Rc8 32. Nd7 Qc7 33. Nb6 Rd8 34. Re8+ Rxe8 35. Bxe8 Qf4 36. Qc7 Qxd4 37. Qxf7+ Kh8 38. Qf8+ Kh7 39. Qxf5+ Kh8 40. Bg6 Qd8 41. Rc8 1-0

[Event "GER-ch U10"]
[Site "Willingen"]
[Date "2015.05.30"]
[Round "11"]
[White "Kodalle, Dominik"]
[Black "Hommer, Jeremy"]
[Result "1/2-1/2"]
[WhiteElo "1230"]
[BlackElo "1548"]
[PlyCount "53"]
[EventDate "2015.05.24"]
[EventType "swiss"]
[EventRounds "11"]
[EventCountry "GER"]
[SourceTitle "CBM 166 Extra"]
[Source "ChessBase"]
[SourceDate "2015.06.18"]
[SourceVersion "1"]
[SourceVersionDate "2015.06.18"]
[SourceQuality "1"]

1. e4 c6 2. d4 d5 3. Nc3 dxe4 4. Nxe4 Nf6 5. Nxf6+ exf6 6. c3 Bd6 7. Bd3 0-0 8. Qc2 h6 9. Ne2 Qc7 10. Bd2 Be6 11. 0-0-0 b5 12. c4 bxc4 13. Bxc4 Bxc4 14. Qxc4 Nd7 15. Ng3 Nb6 16. Qc2 Nd5 17. Ne4 Be7 18. Nc5 Rfd8 19. Qc4 Qb6 20. Nb3 Qb5 21. Qxb5 cxb5 22. Kb1 Bd6 23. Na5 Bf4 24. Nc6 Rd6 25. Ne7+ Nxe7 26. Bxf4 Rd5 27. Rhe1 1/2-1/2

[Event "GER-ch U10"]
[Site "Willingen"]
[Date "2015.05.29"]
[Round "10"]
[White "Reuter, Elisa"]
[Black "Kodalle, Dominik"]
[Result "0-1"]
[WhiteElo "1133"]
[BlackElo "1230"]
[PlyCount "100"]
[EventDate "2015.05.24"]
[EventType "swiss"]
[EventRounds "11"]
[EventCountry "GER"]
[SourceTitle "CBM 166 Extra"]
[Source "ChessBase"]
[SourceDate "2015.06.18"]
[SourceVersion "1"]
[SourceVersionDate "2015.06.18"]
[SourceQuality "1"]

1. c4 Nf6 2. Nc3 g6 3. g3 Bg7 4. Bg2 c5 5. Nf3 Nc6 6. 0-0 0-0 7. d4 cxd4 8. Nxd4 e5 9. Nb3 d6 10. h3 Be6 11. Nd5 Bxd5 12. cxd5 Ne7 13. e4 h6 14. Bd2 Rc8 15. Bc3 b6 16. Qe2 Nd7 17. Rac1 Rc7 18. Rc2 f5 19. Rd1 Nf6 20. Rcd2 Qa8 21. Bb4 Rd8 22. Qe3 Qb7 23. Bc3 Rc4 24. Qd3 Rdc8 25. exf5 gxf5 26. Qe2 Ng6 27. a3 a5 28. Rd3 f4 29. Qf3 e4 30. Qe2 exd3 31. Qxd3 Ne7 32. Nc1 Nh5 33. Bxg7 Kxg7 34. Ne2 fxg3 35. Nxg3 Nxg3 36. Qxg3+ Ng6 37. Qxd6 Rc1 38. Rxc1 Rxc1+ 39. Kh2 Qc7 40. Qxc7+ Rxc7 41. Kg3 Rd7 42. Kg4 Ne7 43. f4 Nxd5 44. Bxd5 Rxd5 45. f5 Kf6 46. Kh5 Rxf5+ 47. Kxh6 Rf3 48. Kh7 Rxh3+ 49. Kg8 Rh6 50. Kf8 Rh8# 0-1

[Event "GER-ch U10"]
[Site "Willingen"]
[Date "2015.05.25"]
[Round "3"]
[White "Kodalle, Dominik"]
[Black "Bethke, Richard"]
[Result "1/2-1/2"]
[WhiteElo "1230"]
[BlackElo "1607"]
[PlyCount "90"]
[EventDate "2015.05.24"]
[EventType "swiss"]
[EventRounds "11"]
[EventCountry "GER"]
[SourceTitle "CBM 166 Extra"]
[Source "ChessBase"]
[SourceDate "2015.06.18"]
[SourceVersion "1"]
[SourceVersionDate "2015.06.18"]
[SourceQuality "1"]

1. e4 e5 2. Nf3 Nc6 3. Bb5 a6 4. Ba4 Nf6 5. 0-0 b5 6. Bb3 Be7 7. Re1 0-0 8. h3 d6 9. c3 Na5 10. Bc2 c5 11. d3 Ne8 12. Nbd2 Nc7 13. Nf1 f5 14. exf5 Bxf5 15. Ng3 Bg6 16. Be3 Nd5 17. Bb3 Nxb3 18. Qxb3 Bf7 19. Qc2 Nxe3 20. Rxe3 Be6 21. d4 cxd4 22. cxd4 Rc8 23. Qd2 Bd5 24. dxe5 Bxf3 25. gxf3 Bg5 26. Qd5+ Kh8 27. Ree1 dxe5 28. Rxe5 Bf4 29. Qxd8 Rcxd8 30. Rf5 Bxg3 31. Rxf8+ Rxf8 32. fxg3 Rxf3 33. Rf1 Rxf1+ 34. Kxf1 Kg8 35. Ke2 Kf7 36. Ke3 Ke6 37. Ke4 a5 38. g4 h6 39. h4 g6 40. b3 b4 41. Kd4 Kd6 42. Ke4 Ke6 43. Kd4 Kd6 44. Ke4 Ke6 45. Kd4 Kd6 1/2-1/2